000 01838cam a22004694i 4500
003 PE-LiUPU
005 20250731173446.0
008 150616s1972 it rb 000 0 spa d
035 _a(Sirsi) a5974
040 _aPE-LiUPU
_bspa
_cPE-LiUPU
_erda
049 _aPRUA
082 0 4 _a200
_bJ1972
_221
100 1 _aCollado Bertomeu, Vicente,
_eautor.
245 1 0 _aEscatologías de los profetas /
_cVicente Collado Bertomeu.
264 1 _aValencia, Italia :
_bArtes Gráficas Soler, S.A.,
_c1972.
300 _a336 páginas ;
_c24 centímetros.
336 _atext
_2rdacontent
337 _aunmediated
_2rdamedia
338 _avolume
_2rdacarrier
490 0 _aInstitución San Jerónimo. Anales del Seminario Metropolitano de Valencia1
504 _aBibliografía: páginas 333-336.
505 0 _aTemas y motivos literarios en las escatologías -- Ordenación del repertorio y explicación de las estructuras -- ¿Existe un formulario escatológico? -- Visión unificadora de las escatologías proféticas -- Nuevo orden escatológico.
526 _aSEG42
526 _aSEG41
526 _aSEG40
526 _aSEG39
526 _aP94
526 _aP87
526 _aP86
526 _aP85
526 _aP77
526 _aP76
526 _aP35
650 0 4 _aEscatología
_xAspectos literarios.
910 _ajck
_bjvq
_cjck
942 _2ddc
_cBOOK
949 _a200 J 1972
_wDEWEY
_c1
_i31677
_lCCODEBUL1
_mBUL
_p00.00
_r0
_sY
_tBOOK
_u19950925
_xTEOLOGIA
_zUNKNOWN
_0COMPRA
_o.STAFF. Colección General
994 _aC0
_bPEPRU
596 _a1
999 _a200 J 1972
_wDEWEY
_c57057
_i31677
_d57057
_e2017-5-30
_f2021-11-9
_g5
_lCCODEBUL1
_mBUL
_n1
_p14.99
_q3
_r0
_sY
_tBOOK
_u2015-6-16
_xTEOLOGIA
_PP35
_0COMPRA
_o.STAFF. Colección Teología
980 _81
_gALBERTO SANCHEZ Responsable de Automatización